| 000 | 00923nam0a22002531 4500 | ||
|---|---|---|---|
| 001 | RU\INFOCOMM_327\NLR\5000029595 | ||
| 005 | 20250613110518.0 | ||
| 035 | _a(NLR Aleph) 009565936 | ||
| 090 |
_a9098643 _c9098643 |
||
| 100 | _a20130213d1933 |||y0rusy50 ca | ||
| 101 | 0 | _ager | |
| 102 | _aRU | ||
| 105 | _ay z ||||| | ||
| 200 | 1 |
_a...Über die Bewegung natürlicher Wasserläufe und über allgemeine fragen der turbulenten Strömung _fW. M. Makkawejew (UdSSR) _gIV hydrologische Konferenz der Baltischen Staaten. Leningrad, September 1933 |
|
| 210 |
_a[Ленинград] _d[1933] |
||
| 215 |
_a20 с. _d23х15 см |
||
| 620 | _aСанкт-Петербург | ||
| 700 | 1 |
_9z01790 _aMakkaveev _bV. M. _f1896-1970 _gVladimir Mitrofanovič |
|
| 790 | 1 |
_9z01700 _aMakkawejew _bW. M. _4070 |
|
| 801 | 1 |
_aRU _bInfocomm _c20130213 |
|
| 801 | 0 |
_aRU _bINFOCOMM _gPSBO |
|
| 852 |
_aNLR _jD11/187 _y2экз. |
||
| 942 | _cBOOK | ||
| 980 | _aNB | ||